000 00588nam a2200181 a 4500
001 000030036
005 20200930060006.0
008 110428s1982 dr 000 0 spa d
040 _aDO-SdBNP
_bspa
_cBNPHU
082 _axxxx
_bC146u
100 1 _aCalderón C., William
_956749
245 1 0 _aUsos del alcohol como combustible :
_buna bibliografía con resumenes /
_cWilliam Calderón C.
260 _aSanto Domingo :
_bInstituto Dominicano de Técnología Industrial,
_c1982.
300 _a45 p. ;
_c21 cm.
490 1 _aMonografía
_v7
830 0 _aMonografía
_v7
_94914
049 _aBNPD
999 _c29528
_d29528